000 01111nam a2200265Ia 4500
001 909.82-LIB ne (17879)
003 IT-MiSPE
008 171229s9999||||xx |||||||||||||| ||und||
040 _aIT-MiSPE
_cIT-MiSPE
041 _aITALIANO
100 _aStéphane Courtois
240 _aLe livre noir du communisme
245 0 _aIl libro nero del comunismo
_bCrimini, terrore, repressione
250 _a1a ed. (v)
260 _aMilano
_bMondadori
_c1998
300 _a770 p.
_c23 cm
490 _aLe Scie
500 _aComunismo
501 _aEdizioni San Paolo srl - Piazza Soncino, 5 - 20092 CINISELLO BALSAMO (MI) (non commercial uses only) ® Copyright 2018
520 _aAA.VV.
700 _aAnna Luisa Dalla Fontana
_g(traduzione)
942 _cBK
957 _71
999 _a4273
_bNO
_g Copie: 1
_c355589
_d355589